Ở Trung Quốc người ta đọc "Chúng tôi" như thế nào? /
Đã lưu trong:
| Tác giả chính: | |
|---|---|
| Tác giả khác: | |
| Định dạng: | Bài viết |
| Ngôn ngữ: | Vietnamese |
| Những chủ đề: | |
| Các nhãn: |
Thêm thẻ
Không có thẻ, Là người đầu tiên thẻ bản ghi này!
|
| Thư viện lưu trữ: | Thư viện Trường Đại học Đà Lạt |
|---|
| LEADER | 00826nam a2200277 4500 | ||
|---|---|---|---|
| 001 | DLU090074096 | ||
| 005 | ##20090523 | ||
| 040 | # | # | |a DLU |b vie |
| 041 | # | # | |a vie |
| 044 | # | # | |a vn |
| 100 | # | # | |a Dư Nhất Trung. |
| 245 | # | # | |a Ở Trung Quốc người ta đọc "Chúng tôi" như thế nào? / |c Dư Nhất Trung, Ngân Xuyên dịch. |
| 653 | # | # | |a Tiếp nhận văn học |
| 653 | # | # | |a Trung Quốc |
| 653 | # | # | |a Văn học Nga |
| 700 | # | # | |a Ngân Xuyên, |e dịch. |
| 773 | # | # | |t Tạp chí văn học |g Số 11, 1997, tr.77-82 |
| 920 | # | # | |a Phòng Tạp chí -- Trung tâm Thông tin - Thư viện Trường Đại học Đà Lạt |
| 994 | # | # | |a DLU |
| 900 | # | # | |a True |
| 911 | # | # | |a Nguyễn Thị Linh Chi |
| 925 | # | # | |a G |
| 926 | # | # | |a A |
| 927 | # | # | |a BB |
| 980 | # | # | |a Thư viện Trường Đại học Đà Lạt |